| Tag |
First Indicator |
Second Indicator |
Subfields |
| LEADER |
00000cam a2200000 a 4500 |
| 001 |
in00000006989 |
| 005 |
20151004070026.0 |
| 008 |
830721s1983 iaub b 00010 eng d |
| 035 |
|
|
|a (OCoLC)09723795
|
| 035 |
|
|
|9 AAA1452AM
|
| 040 |
|
|
|a WIX
|c WIX
|d m/c
|d TXA
|d UtOrBLW
|
| 049 |
|
|
|a TXAM
|c 1 [A12583582], 2 [A12584025]
|
| 050 |
|
4 |
|a TD428.A37
|b F68 1983
|
| 100 |
1 |
|
|a Fowler, John M.
|
| 245 |
1 |
0 |
|a Interface of forest and agriculture in nonpoint pollution control /
|c by John M. Fowler, Earl O. Heady, Douglas A. Christensen.
|
| 264 |
|
1 |
|a Ames, Iowa :
|b Center for Agricultural and Rural Development, Iowa State University,
|c [1983]
|
| 300 |
|
|
|a viii, 132 pages :
|b maps ;
|c 28 cm.
|
| 336 |
|
|
|a text
|b txt
|2 rdacontent
|
| 337 |
|
|
|a unmediated
|b n
|2 rdamedia
|
| 338 |
|
|
|a volume
|b nc
|2 rdacarrier
|
| 490 |
1 |
|
|a CARD report ;
|v 117
|
| 500 |
|
|
|a "April 1983."
|
| 504 |
|
|
|a Bibliography: pages 123-131.
|
| 650 |
|
0 |
|a Agricultural pollution.
|
| 650 |
|
0 |
|a Forests and forestry
|x Environmental aspects.
|
| 700 |
1 |
|
|a Heady, Earl O.
|q (Earl Orel),
|d 1916-1986.
|
| 700 |
1 |
|
|a Christensen, Douglas A.
|
| 830 |
|
0 |
|a CARD report ;
|v 117.
|
| 999 |
|
|
|a MARS
|
| 999 |
f |
f |
|s 6fb92b54-5667-3c4c-a36c-a5d9f62c95b0
|i 7360765e-19f8-3c94-b679-75068f91083c
|t 0
|
| 952 |
f |
f |
|p ric
|a Texas A&M University
|b Rellis Campus
|c Joint Library Facility
|d Remote Storage
|t 0
|e TD428.A37 F68 1983
|h Library of Congress classification
|i unmediated -- volume
|m A14812583582
|
| 998 |
f |
f |
|a TD428.A37 F68 1983
|t 0
|l Remote Storage
|